000 00642nam a2200229Ia 4500
003 OSt
005 20220918191716.0
006 a|||||r|||| 00| 0
007 ta
008 220917b |||||||| |||| 00| 0 eng d
024 _a64,699
037 _cTextual
040 _aARTS
_cARTS
_beng
041 _2eng
_aeng
082 _aQv1:N5, K3
100 _aAshby Philip H
_976975
245 0 _aHistory and future of religious thought
_b Christianity Hinduism Buddhism Islam
260 _aEnglewood
_bPrentice-Hall
_c1963
650 _aRELIGION
942 _hQv1:N5, K3
_cTEXL
_2CC
999 _c191067
_d191067